CIMA Subjectt3 (Record no. 3476)

MARC details
000 -LEADER
fixed length control field 00439nam a22001457a 4500
008 - FIXED-LENGTH DATA ELEMENTS--GENERAL INFORMATION
fixed length control field 250514b |||||||| |||| 00| 0 eng d
020 ## - INTERNATIONAL STANDARD BOOK NUMBER
ISBN 9781784159283
245 ## - TITLE STATEMENT
Title CIMA Subjectt3
Remainder of title Finanacial Strategy Study Text
250 ## - EDITION STATEMENT
Edition statement Kaylan Financial Limited
260 ## - PUBLICATION, DISTRIBUTION, ETC. (IMPRINT)
Place of publication Berkshire-uk
Name of publisher Kaplan Publishing
300 ## - COLLATION
Pagination xiv, 539p.
Other physical details ill.
650 ## - TRACINGS
Main Subject Charted Institute of Management -Finance -Examination
942 ## - ADDED ENTRY ELEMENTS (KOHA)
Item type Books
050 ## - LIBRARY OF CONGRESS CALL NUMBER
Classification number HG4015
Item number .F56
Holdings
Source of classification or shelving scheme Not for loan Permanent location Current location Date acquired Accession No. Full call number Barcode. Koha item type
Library of Congress Classification   Samuel Ogbemudia Main Library, University of Abuja Samuel Ogbemudia Main Library, University of Abuja 05/14/2025 2024/63861 HG4015.F56 2025-1944 Books